000 00715nas a2200229 4500
001 BR0504788
003 BR-BrBNA
005 20231205105639.0
007 ta
008 230509b bl.|||p| |||| 00| 00por d
040 _aBR-BrBNA
_bpor
_cBiblioteca Nacional de Agricultura
041 _a(Pt)
072 _ak70; U10
100 1 _aSilva, J.R. da
245 1 _aComportamento do fogo em um ano crítico nas unidades do instituto florestal de São Paulo
650 _aINCÊNDIO FLORESTAL
650 _aMODELO MATEMÁTICO
650 _aSÃO PAULO
773 0 _tFloresta (Brazil)
_xISSN 0015-3826
_g(May-Aug 2004), v. 34(2) p.131-136
_wBR0504788
909 _a202311
_bLúcia
_c55
_dLúcia Elande
942 _2AGRIS
_n0
_cANA
999 _c183942
_d183942